Responses for Show #3827 - Tuesday, April 3, 2001

Bob Fleenor game 5.

Contestants

[<< previous game]

Michael Rodriguez, an attorney from Palm City, Florida

Anne Andrea, an accounting systems consultant from Holbrook, Massachusetts

Bob Fleenor, a newspaper copy editor from Martinsburg, West Virginia (whose 4-day cash winnings total $38,500)

[next game >>]

Jeopardy! Round responses

MUSIC IN FANTASIA
"L" ON WHEELS
STATES' LOWEST POINTS
(Alex: You have to identify the state.)
GENE WILDER
FLAGS
ALPHABETIC HOMOPHONES
(Alex: Each response is a homophone of a letter of the alphabet.)
    $100 26
George Gershwin

Bob
    $100 1
light trucks

Michael
    $100 4
Louisiana

Bob
    $100 15
Gilda Radner

Bob
    $100 2
Islam

Anne
    $100 20
a pea

Bob
    $200 27
a flamingo

Michael
    $200 3
landing gear

Michael
    $200 5
California

Bob
    $200 16
Bonnie and Clyde

Bob
    $200 8
Quebec

Michael
    $200 21
why

Michael
    $300 28
Fugue

Triple Stumper
    $300 12
lugnuts

Bob
    $300 6
(Anne: What is Maine?)
(Bob: What is Colorado?)

Idaho

BobAnneMichael
    $300 17
Mel Brooks

Bob
    $300 9
Portugal

Bob
    $300 23
cue

Anne
    $400 29
Night on Bare Mountain (or Night on Bald Mountain)

Triple Stumper
    $400 13
a lowrider

Bob
    $400 7
Colorado

Michael
    $400 18
Young Frankenstein

Bob
    $400 10
Lebanon

Bob
    $400 24
eye

Michael
    $500 30
(Bov: What is "Moonlight Sonata"?)

"Clair de Lune"

Bob
Triple Stumper
    $500 14
Lamborghini

Bob
    $500 22
(Anne: What is New York?)

Vermont

AnneMichael
    $500 19
(Alex: Well done in the category--you know your Gene Wilder films!)

Silver Streak

Bob
    $500 11
Ireland

Anne
    $500 25
are

Anne

Scores at the first commercial break (after clue 14):

Bob Anne Michael
$1,900 $300 $1,200

Scores at the end of the Jeopardy! Round:

Bob Anne Michael
$3,100 $600 $2,500

Double Jeopardy! Round responses

THE GREAT WAR
FILL THE BILL
ASIAN NEWSPAPERS
WHERE'S THE BODY? AUTHOR'S EDITION
'50s TV
CROSSWORD CLUES "S"
    $200 2
Lusitania

Bob
    $200 1
Bill Cosby

Michael
    $200 10
Nepal

Michael
    $200 24
Louisa May Alcott

Michael
    $200 7
The Twilight Zone

Bob
    $200 21
Shah

Anne
    $400 3
Eddie Rickenbacker

Bob
    $400 15
Bill Bradley

Bob
    $400 11
(M: What is Korea?)
(Alex: Be more specific...)

South Korea

Michael
    $400 25
Arlington National Cemetery

Bob
    $400 8
The Mickey Mouse Club

Michael
    $400 22
Stan

Anne
    $600 4
Herbert Hoover

Bob
    $600 19
Bill Wyman

Bob
    $600 12
Philippines

Michael
    $600 26
(Alex: Bob, less than a minute to go...)

Robert Frost

Triple Stumper
    $1,900 9
The Ed Sullivan Show

Michael
    $600 23
Stun

Michael
    $800 5
Big Berthas

Bob
    $800 17
Bill Parcells

Michael
    $800 13
Singapore

Michael
    $700 27
William Faulkner

Bob
    $800 16
Peter Gunn

Michael
    $800 29
(M: What is a scrum?)

Spat

Michael
Triple Stumper
    $1000 6
John J. Pershing (in charge of the American Expeditionary Force)

Bob
    $1000 18
(A: Who is Bill Knowles?)

Bill Watterson

Anne
Triple Stumper
    $1000 14
Qatar

Triple Stumper
    $1000 28
Emily Dickinson

Bob
    $1000 20
Sgt. Bilko (or You'll Never Get Rich)

Bob
    $1000 30
Stir

Anne

Scores at the end of the Double Jeopardy! Round:

Bob Anne Michael
$10,400 $1,200 $8,600

[wagering suggestions for these scores]

Final Jeopardy! Round responses

SATIRE
(Alex: Bob, your hands are cold! All the blood has left his extremities down to his brain and his stomach! You have a choice as a 5-time champion of a brand-new automobile, or perhaps two. What have you selected?)
(Bob: The Camaros.)
(Alex: Your wife looks pretty delighted in the audience. We'll see you in our $100,000 Tournament of Champions!)
AnneWho was MacArthur?
$601
MichaelWho was LBJ?
$5,500
BobWho was Lyndon Johnson?
$6,800
Lyndon B. Johnson

Final scores:

Bob Anne Michael
$17,200 $599 $14,100
5-day champion: $55,700 3rd place: a Mypoints.com gift certificate 2nd place: a trip to Club Med, Mexico

Game dynamics:

Coryat scores:

Bob Anne Michael
$10,500 $1,200 $7,300
26 R
(including 1 DD),
2 W
7 R,
3 W
20 R
(including 2 DDs),
1 W

Combined Coryat: $19,000

[game clues] [game scores] [suggest correction]

Game tape date: 2000-12-13
The J! Archive is created by fans, for fans. Scraping, republication, monetization, and malicious use prohibited; this site may use cookies and collect identifying information. See terms. The Jeopardy! game show and all elements thereof, including but not limited to copyright and trademark thereto, are the property of Jeopardy Productions, Inc. and are protected under law. This website is not affiliated with, sponsored by, or operated by Jeopardy Productions, Inc. Join the discussion at JBoard.tv.